00000000nam##2200000za#4500
0019.612514
003CaOODSP
00520200706133848
007ta
008150406|1995||||xxc|||||     f|0| 0 eng|d
020 |a0-662-21728-4
022 |a1200-5223
040 |aCaOODSP|beng
043 |an-cn---
0861 |aCS11-0019/78E
24500|aRestructuring in the Canadian manufacturing sector from 1970 to 1990 : |bindustry and regional dimensions of job turnover / |cby John R. Baldwin and Mohammed Rafiquzzaman.
260 |aOttawa - Ontario : |bStatistics Canada. |c1995.
300 |a69p. : |btables ; |c28 cm.
4901 |aResearch paper series|x1200-5223|vNo. 78
500 |a"This paper investigates the dynamics of job reallocation in the manufacturing sector of Canada. It does so by examining the pattern and magnitude of job gain, job loss, and total job turnover due to growth and decline of some firms, and entry and exit of other firms. It also investigates how the effect of cyclical as opposed to structural influences on job turnover have changed over time. Finally, the paper investigates whether the pattern and magnitude of job turnover differ across industries and across regions, and whether the differences are either caused by differences in cyclical sensitivity of job creation and job destruction or in the extent to which restructuring is taking place."--Abstract.
5203 |aThis paper investigates the dynamics of job reallocation in the manufacturing sector of Canada. It does so by examining the pattern and magnitude of job gain, job loss, and total job turnover due to growth and decline of some firms, and entry and exit of other firms. It also investigates how the effect of cyclical as opposed to structural influences on job turnover have changed over time. Finally, the paper investigates whether the pattern and magnitude of job turnover differ across industries and across regions, and whether the differences are either caused by differences in cyclical sensitivity of job creation and job destruction or in the extent to which restructuring is taking place.--Abstract
563 |aSoftcover
590 |a95-34|b1995-08-25
69007|aManufacturing industry|2gcpds
7102 |aStatistics Canada. |bAnalytical Studies Branch.
7201 |aBaldwin, John R.
7201 |aRafiquzzaman, Mohammed
77508|tRestructuration du secteur canadien de 1970 à 1990 : |w(CaOODSP)9.623484
7760#|tRestructuring in the Canadian manufacturing sector from 1970 to 1990 : |w(CaOODSP)9.574566
830#0|aResearch paper series,|x1200-5223|vNo. 78|w(CaOODSP)9.514463